000
00230 a2200097 4500
001
45310
100
_a
Barker Nonweiler and smelt
245
_a
Jets and rockets
260
_a
London
_b
Chapman & hall ltd
_c
090
_c
28490
_d
28490
942
_a
NUST-CAE
_c
M
_c
20547
999
_c
280383
_d
280383